Výrobné a nevýrobné agrárne služby na regionálnej úrovni

Stav podnikov výrobných a nevýrobných agrárnych služieb v regióne okresov Michalovce a Sobrance a návrh odporúčaní na zlepšenie tejto činnosti v danom regióne. Podstatná časť agrárnych služieb prešla privatizáciou a v roku 1996 dosiahla stratu.

Salvato in:
Dettagli Bibliografici
Autore principale: Stričík, Michal, 1969-
Natura: Capitolo di libro
Lingua:slovacco
Soggetti:
Tags: Aggiungi Tag
Nessun Tag, puoi essere il primo ad aggiungerne!!

MARC

LEADER 00000naa$a2200000$$$4500
001 0087752
005 20240502072002.4
041 0 |a slo 
044 |a SK 
245 1 0 |a Výrobné a nevýrobné agrárne služby na regionálnej úrovni  |c Michal Stričík 
520 |a Stav podnikov výrobných a nevýrobných agrárnych služieb v regióne okresov Michalovce a Sobrance a návrh odporúčaní na zlepšenie tejto činnosti v danom regióne. Podstatná časť agrárnych služieb prešla privatizáciou a v roku 1996 dosiahla stratu. 
610 2 0 |a služby poľnohospodárske 
610 2 0 |a ukazovatele ekonomické 
610 2 0 |a Slovensko 
100 1 |a Stričík, Michal, 1969-